000 00290nam a2200121Ia 4500
008 240624s9999 xx 000 0 und d
041 _aeng
082 _a828 ROU
100 _aROUSSEAU JEAN JACQUES
245 _aSOCIAL CONTRACT
260 _aLondon
_bPenguin
300 _a168 : p. : cm. ; 18
999 _c19427
_d19427